00525nam a2200181 a 450000100060000000300080000600500170001400800410003103500190007204000260009104100080011708200240012510000160014924501050016526000410027030000200031165100120033184838BD-RjUL20250421113624.0250421s1954 enk||||| |||| 00| 0 eng d a(BD-RjUL)84838 aBD-RjULbengcBD-RjUL aeng 223a959.1bNUB 1954 aNu, Thakin  aBurma under the Japanese /cby Thakin Nu; edited and translated with introduction by J. S. Furnivall aLondon :bMacmillan & Co Ltd.,c1954 a132 p.;c23 cm. aMyanmar